Statistics for Stockholm City Trivia

Click here to take the quiz!

General Stats

  • This quiz has been taken 209 times
  • The average score is 12 of 20

Answer Stats

ClueAnswer% Correct
This international prize is held annually in Stockholm in different categories since 1901.Nobel Prize
96%
Pop-disco group that originated in Stockholm in 1972.ABBA
91%
Sea on the eastern side of Stockholm.Baltic Sea
91%
Sports event hosted in 1912.Summer Olympics
91%
This psychological condition is named after the 1973 bank robbery in Stockholm.Stockholm {Syndrome}
87%
Stockholm has over 24 000 of these, known as "öar".Islands
71%
What Arlanda and Bromma are.Airports
64%
City you would reach if you sail 690 km due east from Stockholm.Saint Petersburg
60%
Name of the famous museum dedicated to a warship.{Vasa} Museum
59%
Stockholm replaced this city in 1436 as the capital of Sweden.Uppsala
55%
Lake that is connected to that sea via Stockholm.Mälaren
53%
Name of the Swedish parliament.Riksdag
49%
The largest hemispherical building in the world that is located in Stockholm.Ericsson {Globe}
49%
Hollywood actress that was born in Stockholm in 1905.Greta Garbo
47%
Skansen is the world's oldest of this type of museum.{Open}-{air} Museum
41%
Author of "The Girl with the Dragon Tattoo".Stieg Larsson
39%
French philosopher that was invited to Stockholm by Queen Christina of Sweden and
died there because of pneumonia in 1650.
René Descartes
35%
Name one of the two provinces Stockholm is divided between north and south.Södermanland or
Uppland
34%
This was opened in 1950 and has been called the longest art gallery in the world.Stockholm {Metro}
26%
Stockholm hosted the equestrian portion of the above in 1956 with this city.Melbourne
22%

Score Distribution

Percentile by Number Answered

Percent of People with Each Score

Your Score History

You have not taken this quiz